000 00366nam a22001577a 4500
020 _a978-81-264-4082-5
082 _aM3
_bNAT/K
100 _aNathan P R
245 _aKarimarunnu/
_cby Nathan P R
260 _aKottayam:
_bCurrent,
_c2013.
300 _a221p.
650 _aNovel Malayalam
650 _aLiterature Malayalam
650 _aLiterature
942 _cBK
999 _c52886
_d52886